Acercamientos a lo tropical : (Record no. 4624)

MARC details
000 -LEADER
campo de control de longitud fija 00757nam a2200181 4500
005 - FECHA Y HORA DE LA ÚLTIMA TRANSACCIÓN
campo de control 20260327205800.0
008 - DATOS DE LONGITUD FIJA--INFORMACIÓN GENERAL
campo de control de longitud fija -
020 ## - NÚMERO INTERNACIONAL ESTÁNDAR DEL LIBRO
Número Internacional Estándar del Libro 9789930970867 Volumen 1
040 ## - FUENTE DE CATALOGACIÓN
Centro catalogador/agencia de origen Biblioteca LadoV Teorética
Centro/agencia transcriptor Biblioteca LadoV Teorética
Normas de descripción rda
082 04 - NÚMERO DE LA CLASIFICACIÓN DECIMAL DEWEY
Número de clasificación 724.6
Número de ítem M743a
100 1# - ENTRADA PRINCIPAL--NOMBRE DE PERSONA
Nombre de persona Monge Cortés, Paz
9 (RLIN) 547
245 10 - MENCIÓN DEL TÍTULO
Título Acercamientos a lo tropical :
Resto del título un breve recuento de la arquitectura contemporánea en Costa Rica /
Mención de responsabilidad, etc. por Paz Monge Cortés, José Daniel Picado García , Daniel Soto Morúa.
260 #1 - PUBLICACIÓN, DISTRIBUCIÓN, ETC.
Lugar de publicación, distribución, etc. Costa Rica :
Nombre del editor, distribuidor, etc. Museo de Arte y Diseño Contemporáneo,
Fecha de publicación, distribución, etc. 2021
300 ## - DESCRIPCIÓN FÍSICA
Extensión 50 páginas :
Otras características físicas ilustraciones a color ;
Dimensiones 24 x 21 cm.
490 0# - MENCIÓN DE SERIE
Mención de serie Acercamientos a lo tropical
Designación de volumen o secuencia Volumen 1
650 #4 - PUNTO DE ACCESO ADICIONAL DE MATERIA--TÉRMINO DE MATERIA
Término de materia o nombre geográfico como elemento de entrada ARQUITECTURA COSTARRICENSE - TEORÍA.
942 ## - ELEMENTOS DE ENTRADA SECUNDARIOS (KOHA)
Fuente del sistema de clasificación o colocación Clasificación Decimal Dewey
Tipo de ítem Koha Libros
Suprimir en OPAC No
Holdings
Estatus retirado Estado de pérdida Fuente del sistema de clasificación o colocación Estado de daño No para préstamo Biblioteca de origen Biblioteca actual Fecha de adquisición Total de préstamos Signatura topográfica completa Visto por última vez Precio de reemplazo Tipo de ítem Koha
    Clasificación Decimal Dewey     Biblioteca LadoV Biblioteca LadoV 27/03/2026   724.6 M743a 27/03/2026 27/03/2026 Libros